States in Sentences Quiz Stats

Quiz Updated Jul 30, 2014

Also try: Words in States
Challenge
Share
Tweet
Embed
Score 0/16 Timer 07:00
0 Plays Today
Sentence State % Correct
In the final, a 'BAM!' accompanied Emeril's plating of the last 'Iron Chef' dish.Alabama
80.2%
The key point of this linguistics lesson is, in summary, L and R are difficult for the Japanese ear to distinguish.Maryland
80.1%
Please follow the protocol or a doctrine we all agree upon.Colorado
80.1%
Have you ever wondered if Lori danced with John Stamos on 'Full House?'Florida
78.1%
I forgot to fill in Oise, Seine, and Rhone on my quiz on French rivers.Illinois
77%
The Abercrombie model puts moisturizing cream on tan abs after a day of basking in the sun.Montana
75.6%
Beware infidel; a war exists between believers and those who don't worship me.Delaware
73.3%
Cherry Chapstick on a gal, as Katy Perry said, is a likable or lickable experience.Alaska
68.8%
Sentence State % Correct
When asked to jumble 'unkind,' I anagrammed it into 'nudnik' and 'dunkin' (as in donuts).Indiana
60.7%
Life is still difficult in the Balkans, as troubles since the breakup of Yugoslavia still persist.Kansas
58.7%
In our D&D game, will a mage or giant be needed to move the boulder?Georgia
46.4%
When asked what her favorite Colin Farrell movie was, Lisa said 'A Home at the End of the World.'Idaho
44%
In a Romeo and Juliet cage match, I pick Capulet over Montague.Vermont
41.8%
It is a foregone conclusion that Sporcle is the best quiz site on the internet.Oregon
39%
When I asked Caroline for the time, she looked at her Casio watch.Iowa
37.5%
One can eat a crane or a pelican, but a heron is always the tastiest.Utah
33.8%

You're not logged in!

Compare scores with friends on all Sporcle quizzes.
Join for Free
OR
Log In

You Might Also Like...

Show Comments

Extras

Top Quizzes Today


Score Distribution

Your Account Isn't Verified!

In order to create a playlist on Sporcle, you need to verify the email address you used during registration. Go to your Sporcle Settings to finish the process.

Report this User

Report this user for behavior that violates our Community Guidelines.

Details: